1537 1349 1917 1353 1303 1286 1078 1223 1658 1511 1959 1788 1395 1500 1663 1819 1166 1793 1349 1696 1042 1219 1530 1053 1401 1683 1117 1753 1857 1909 1727 1720 1895 1977 1659 1896 1656 1822 1556 1373 1440 1316 1526 1070 1321 1902 1706 1942 1135 1843 1591 1495 1853 1433 1192 1366 1862 1190 1751 1771 1240 1120 1294 1547 1981 1223 1128 1819 1035 1389 1057 1861 1438 1307 1312 1261 1751 1499 1443 1474 1436 1996 1416 1545 1065 1679 1689 1042 1590 1316 1429 1455 1959 1224 1000 1826 1396 1000 1635 BCNSPRNW ULIB Ver.6.0+V

เปลี่ยนเป็นภาษาไทย

Change to English
 แสดงรายละเอียดบรรณานุกรม
  กลับหน้าหลัก

Brief Record : Get Marc (ISO 2709) : E-mail record : QR code < ปิดหน้าต่าง
LEADER : 00000nam 2200000uu 4500
001    13399127290
003     ULIB
008    200402s2561||||th 000 0 tha d
020    ^a9786169284710
060    ^aWO275^bน263ว
100    ^aนรุตม์ เรือนอนุกูล เบญจรัตน์ หยกอุบล อรลักษณ์ รอดอนันต์ และฐิติกัญญา ดวงรัตน์
245    ^aวิสัญญีบริบาลทันยุค
250    ^aพิมพ์ครั้งที่ 2
260    ^aกรุงเทพฯ :^bธนาเพรส,^c2561
300    ^a360 หน้า^bภาพประกอบ, ตาราง, ภาคผนวก
650    ^aวิสัญญี
945    ^p0^l0^i28074
945    ^p0^l0^i28075
945    ^p0^l0^i28076
945    ^p0^l0^i28077
945    ^p0^l0^i28078
999    ^aกัณชพร จุลอักษร
รายการนี้ยังไม่มีแท็ก
คุณยังไม่ได้ล็อกอิน คุณสามารถมีกิจกรรมร่วมกับเว็บไซต์ได้ แต่ต้องล็อกอินก่อน ::
  ล็อกอิน

รายการสื่อสารสนเทศ

ลำดับที่ ประเภท เลขเรียก/บาร์โค้ด สถานที่ สถานะ
1. หนังสือสำรอง
หนังสือสำรอง
WO275 น263ว ฉ.1 
  Barcode: 28074
ห้องสมุดวิทยาเขตนครสวรรค์
►หนังสือทั่วไป:l:General Books
บนชั้น
2. วิทยาศาสตร์การแพทย์ และสุขภาพ
วิทยาศาสตร์การแพทย์ และสุขภาพ
WO275 น263ว ฉ.2 
  Barcode: 28075
ห้องสมุดวิทยาเขตนครสวรรค์
►หนังสือทั่วไป:l:General Books
บนชั้น
3. วิทยาศาสตร์การแพทย์ และสุขภาพ
วิทยาศาสตร์การแพทย์ และสุขภาพ
WO275 น263ว ฉ.3 
  Barcode: 28076
ห้องสมุดวิทยาเขตนครสวรรค์
►หนังสือทั่วไป:l:General Books
บนชั้น
4. วิทยาศาสตร์การแพทย์ และสุขภาพ
วิทยาศาสตร์การแพทย์ และสุขภาพ
WO275 น263ว ฉ.4 
  Barcode: 28077
ห้องสมุดวิทยาเขตนครสวรรค์
►หนังสือทั่วไป:l:General Books
บนชั้น
5. วิทยาศาสตร์การแพทย์ และสุขภาพ
วิทยาศาสตร์การแพทย์ และสุขภาพ
WO275 น263ว ฉ.5 
  Barcode: 28078
ห้องสมุดวิทยาเขตนครสวรรค์
►หนังสือทั่วไป:l:General Books
บนชั้น

รายการใกล้เคียง
    ชื่อเรื่อง [วิสัญญีบริบาลทันยุค]

    ผู้แต่ง [นรุตม์ เรือนอนุกูล เบญจรัตน์ หยกอุบล อรลักษณ์ รอดอนันต์ และฐิติกัญญา ดวงรัตน์]

    หัวเรื่อง [วิสัญญี]

BibComment


ยังไม่เคยถูกคอมเมนท์

คอมเมนท์ทรัพยากรรายการนี้
  คอมเมนท์: วิสัญญีบริบาลทัน..


 Copyright 2026. Bcnsprnw @Library